Vista normal
Vista MARC
Entrada Personal Name
Número de registros utilizados en: 1
001 - CONTROL NUMBER
- control field: 9492
003 - CONTROL NUMBER IDENTIFIER
- control field: DLC
005 - DATE AND TIME OF LATEST TRANSACTION
- control field: 20190613133244.0
008 - FIXED-LENGTH DATA ELEMENTS
- fixed length control field: 041115n| acannaabn |n aaa
010 ## - LIBRARY OF CONGRESS CONTROL NUMBER
- LC control number: n 2004018470
035 ## - SYSTEM CONTROL NUMBER
- System control number: (OCoLC)oca06495846
040 ## - CATALOGING SOURCE
- Original cataloging agency: DLC
- Language of cataloging: spa
- Transcribing agency: Mx-PuUPA
- Modifying agency: OCoLC
- Modifying agency: Mx-PuUPA
100 1# - HEADING--PERSONAL NAME
- Personal name: Pallister, Kim,
374 ## - OCCUPATION
- Occupation: editor
375 ## - GENDER
- Gender: hombre
377 ## - ASSOCIATED LANGUAGE
- Language code: eng
670 ## - SOURCE DATA FOUND
- Source citation: Game programming gems 5, c2005:
- Information found: ECIP t.p. (Kim Pallister)
670 ## - SOURCE DATA FOUND
- Source citation: Biblioteca del congreso (Estados Unidos), 13 junio 2019:
- Information found: catálogo electrónico
- Uniform Resource Identifier: https://authorities.loc.gov/cgi-bin/Pwebrecon.cgi?AuthRecID=6396421&v1=1&HC=1&SEQ=20190613142234&PID=B_AEQ37fTVrMFYcq1vh48fLyp18